[Event "Play your favorite openings III"]
[Site "SchemingMind.com"]
[Date "2020.08.06"]
[Round "-"]
[White "Arnold Jones"]
[Black "ray winteringham"]
[Result "1-0"]
[WhiteCountry "ENG"]
[BlackCountry "ENG"]
[WhiteElo "1637"]
[WhiteRD "61"]
[BlackElo "1484"]
[BlackRD "48"]
[GameID "458535"]

1. Nf3 g6 2. d4 Bg7 3. c4 d5 4. e3 Be6 5. c5 Nf6 6. Bb5+ c6 7. Ba4 O-O 8. Nc3 Na6 9. Qb3 Rb8 10. Qd1 Qa5
11. Bd2 Qc7 12. Ne5 Nh5 13. Nd3 Nf6 14. b4 b5 15. cxb6 axb6 16. b5 cxb5 17. Nxb5 Qd8 18. Ne5 Nc7 19. Nc6 Qc8 20. Nxe7+
1-0

[Event "Play your favorite openings III"]
[Site "SchemingMind.com"]
[Date "2020.08.07"]
[Round "-"]
[White "Andoni Zabala"]
[Black "John Hamer"]
[Result "1/2-1/2"]
[WhiteCountry "INT"]
[BlackCountry "ENG"]
[WhiteElo "1746"]
[WhiteRD "78"]
[BlackElo "1972"]
[BlackRD "59"]
[GameID "458550"]

1. e4 b6 2. d4 Bb7 3. Bd3 e6 4. Nf3 c5 5. c3 Nf6 6. Qe2 Be7 7. O-O Nc6 8. e5 Nd5 9. Be4 cxd4 10. cxd4 O-O
11. a3 Rc8 12. Bd2 Nc7 13. Nc3 Ba6 14. Bd3 Nb8 15. Bxa6 Nbxa6 16. d5 exd5 17. Nxd5 Nxd5 18. Qxa6 Rc7 19. Rac1 Qa8 20. Rxc7 Nxc7
21. Qd3 Qc6 22. Rc1 Qd5 23. Qe2 Rc8 24. Bf4 Qb7 25. h3 Ne6= 26. Rxc8+ Qxc8=
1/2-1/2

[Event "Play your favorite openings III"]
[Site "SchemingMind.com"]
[Date "2020.08.07"]
[Round "-"]
[White "John Hamer"]
[Black "Andoni Zabala"]
[Result "1-0"]
[WhiteCountry "ENG"]
[BlackCountry "INT"]
[WhiteElo "2004"]
[WhiteRD "60"]
[BlackElo "1730"]
[BlackRD "78"]
[GameID "458551"]

1. e4 e5 2. Nf3 Nc6 3. Bc4 Bc5 4. c3 Nf6 5. d4 exd4 6. cxd4 Bb4+ 7. Nc3 Nxe4 8. O-O Bxc3 9. d5 Bf6 10. Re1 Ne7
11. Rxe4 d6 12. Bg5 Bxg5 13. Nxg5 h6 14. Qe2 hxg5 15. Re1 Be6 16. dxe6 f6 17. Rd4 c6 18. Qc2 d5 19. Bd3 Qc7 20. Bg6+ Kf8
21. g3 Rh6 22. Bd3 g6 23. Qc3 Kg7 24. Bf1 Rah8 25. h3 b6 26. Bg2 c5 27. b4 Qd6 28. bxc5 bxc5 29. Ra4 d4 30. Qa3 Rc8
31. Rxa7 Kf8 32. Ra6 Qd8 33. Rb1 g4 34. Qc1 Rh7 35. hxg4 c4 36. Qf4 Ng8 37. Rd6 Qe7 38. g5 Rc7 39. Rb8+ Kg7 40. Rdd8 fxg5
41. Rxg8+ Kh6 42. Qg4
1-0

[Event "Play your favorite openings III"]
[Site "SchemingMind.com"]
[Date "2020.08.07"]
[Round "-"]
[White "Kenny Elliott"]
[Black "John Hamer"]
[Result "0-1"]
[WhiteCountry "USA"]
[BlackCountry "ENG"]
[WhiteElo "1545"]
[WhiteRD "61"]
[BlackElo "2004"]
[BlackRD "60"]
[GameID "458552"]

1. d4 e6 2. e4 d5 3. e5 c5 4. Bg5 Ne7 5. Nf3 cxd4 6. Bb5+ Bd7 7. Bxd7+ Nxd7 8. Nxd4 Nxe5 9. Bxe7 Bxe7 10. O-O O-O
11. Nd2 Bf6 12. Rb1 Rc8 13. c3 Re8 14. Re1 Nd3 15. Re3 Nc5 16. N2f3 Ne4 17. Nd2 Bg5 18. Re2 Nxd2 19. Rxd2 e5 20. Nf3 Bxd2
21. Qxd2 Re6 22. h4 e4 23. Nd4 Ra6 24. b4 Qxh4 25. Nf5 Qd8 26. Qe3 Rxa2 27. Qg3 Qf6 28. Nd4 Rd2 29. Qe3 Rd3 30. Qe1 Rdxc3
31. Nb5 Rd3 32. Nxa7 Rc2 33. Ra1 e3 34. fxe3 Qg6 35. Qf1 Rdd2 36. Nc6 Rxg2+ 37. Qxg2 Qxg2#
0-1

[Event "Play your favorite openings III"]
[Site "SchemingMind.com"]
[Date "2020.08.07"]
[Round "-"]
[White "John Hamer"]
[Black "Kenny Elliott"]
[Result "1-0"]
[WhiteCountry "ENG"]
[BlackCountry "USA"]
[WhiteElo "1972"]
[WhiteRD "59"]
[BlackElo "1521"]
[BlackRD "61"]
[GameID "458553"]

1. d4 d5 2. Bf4 Nc6 3. Nf3 Bg4 4. e3 Nf6 5. c4 e6 6. Nc3 Bb4 7. h3 Bxc3+ 8. bxc3 Bf5 9. Rc1 O-O 10. Be2 Be4
11. O-O dxc4 12. Bxc4 Ne7 13. Nd2 c6 14. Bg3 b5 15. Be2 Nfd5 16. Nxe4 Nf5 17. Bh2 Qa5 18. c4 bxc4 19. Bxc4 Ndxe3 20. fxe3 Nxe3
21. Qe2 Nxf1 22. Rxf1 f5 23. Bxe6+ Kh8 24. Nd6 g6 25. Be5+
1-0

[Event "Play your favorite openings III"]
[Site "SchemingMind.com"]
[Date "2020.08.06"]
[Round "-"]
[White "John Hamer"]
[Black "kenneth m day"]
[Result "1-0"]
[WhiteCountry "ENG"]
[BlackCountry "USA"]
[WhiteElo "1994"]
[WhiteRD "63"]
[BlackElo "1662"]
[BlackRD "56"]
[GameID "458554"]

1. d4 Nf6 2. Bf4 d6 3. Nf3 g6 4. h3 Bg7 5. e3 O-O 6. Be2 Nbd7 7. c4 c5 8. O-O b6 9. Nc3 Bb7 10. d5 Nh5
11. Bh2 Nhf6 12. Re1 Ne5 13. Nd2 e6 14. f4 Ned7 15. Bf3 Rb8 16. dxe6 fxe6 17. Nb5 Bxf3 18. Nxf3 Ne4 19. Qd3 Ndf6 20. Rad1 Qd7
21. g4 Rfd8 22. g5 d5 23. gxf6 Bxf6 24. Ng5 Nxg5 25. fxg5 Bxg5 26. Bxb8 Rxb8 27. Qe2 a6 28. Na3 Qc6 29. Rf1 Re8 30. Qf3 Qd7
31. cxd5 exd5 32. Rxd5 Qe6 33. Rxg5
1-0

[Event "Play your favorite openings III"]
[Site "SchemingMind.com"]
[Date "2020.08.06"]
[Round "-"]
[White "kenneth m day"]
[Black "John Hamer"]
[Result "1/2-1/2"]
[WhiteCountry "USA"]
[BlackCountry "ENG"]
[WhiteElo "1662"]
[WhiteRD "56"]
[BlackElo "1994"]
[BlackRD "63"]
[GameID "458555"]

1. e4 b6 2. d4 Bb7 3. Nc3 e6 4. Nf3 Bb4 5. Bd2 Bxc3 6. Bxc3 Bxe4 7. Be2 Nf6 8. Qd2 O-O 9. O-O-O Nc6 10. Rhe1 h6
11. h3 Nd5 12. Bd3 Bxd3 13. Qxd3 Nf4 14. Qe4 Nxg2 15. Rg1 d5 16. Qg4 f5 17. Qxg2 Rf7 18. Bd2 Qf6 19. c3 Re8 20. Bf4 Rd7
21. Rde1 g5 22. Bd2 Kh7 23. Ne5 Nxe5 24. Rxe5 Rg7 25. Rge1 c6 26. Qg3 Rge7 27. f4 Rg8 28. Rg1 Reg7 29. fxg5 hxg5 30. Bxg5 Rxg5=
31. Qh4+ Kg6 32. Rxg5+=
1/2-1/2

[Event "Play your favorite openings III"]
[Site "SchemingMind.com"]
[Date "2020.08.06"]
[Round "-"]
[White "John Hamer"]
[Black "Holty"]
[Result "1/2-1/2"]
[WhiteCountry "ENG"]
[BlackCountry "ENG"]
[WhiteElo "1972"]
[WhiteRD "59"]
[BlackElo "1790"]
[BlackRD "55"]
[GameID "458556"]

1. e4 e6 2. f4 d5 3. e5 c5 4. Nf3 Nc6 5. c3 d4 6. d3 Nh6 7. Be2 Nf5 8. O-O Be7 9. g4 Nh4 10. Nbd2 h6
11. Ne4 Nxf3+ 12. Bxf3 Bd7 13. Bd2 g5 14. Rc1 Qc7 15. Re1 O-O-O 16. cxd4 cxd4 17. b4 b5 18. Nc5 Bxc5 19. bxc5 Rdf8 20. Rb1 a6
21. Qe2 f6 22. exf6 Rxf6 23. Kg2 gxf4 24. Qe4 e5 25. Kh1 Be8 26. Qe2 Ne7 27. Ba5 Qxa5 28. Qxe5 Rhf8 29. Qxe7 Qc7 30. Qxc7+=
1/2-1/2

[Event "Play your favorite openings III"]
[Site "SchemingMind.com"]
[Date "2020.08.07"]
[Round "-"]
[White "Holty"]
[Black "John Hamer"]
[Result "1/2-1/2"]
[WhiteCountry "ENG"]
[BlackCountry "ENG"]
[WhiteElo "1790"]
[WhiteRD "55"]
[BlackElo "1972"]
[BlackRD "59"]
[GameID "458557"]

1. d4 e6 2. Nf3 d5 3. e3 Nf6 4. Bd3 c5 5. b3 Nc6 6. Nbd2 Bd6 7. a3 O-O 8. O-O Re8 9. Bb2 h6 10. Ne5 cxd4
11. exd4 Bd7 12. f4 Rc8 13. Rc1 a6 14. c4 g6 15. g4 dxc4 16. bxc4 Qb6 17. Qb3 Qc7 18. Qc2 Ne7 19. Bxg6 Nxg6 20. Rf3 Bc6
21. Rg3 Nxf4 22. Ndf3 Be4 23. Qd2 Nd3 24. Qxh6 Nxc1 25. Bxc1 Bf8 26. Qxf6 Red8 27. Bh6 Qe7 28. g5 Bxf3 29. Bxf8 Qxf6 30. gxf6+ Kxf8
31. Rxf3 Rxd4 32. Rh3 Rd1+ 33. Kf2=
1/2-1/2

[Event "Play your favorite openings III"]
[Site "SchemingMind.com"]
[Date "2020.08.06"]
[Round "-"]
[White "John Hamer"]
[Black "ray winteringham"]
[Result "1-0"]
[WhiteCountry "ENG"]
[BlackCountry "ENG"]
[WhiteElo "1972"]
[WhiteRD "59"]
[BlackElo "1484"]
[BlackRD "48"]
[GameID "458558"]

1. b3 e5 2. Bb2 d6 3. c4 g6 4. d4 Bg7 5. dxe5 Nc6 6. g3 dxe5 7. Qxd8+ Nxd8 8. Nc3 Ne7 9. O-O-O O-O 10. Nf3 b6
11. Bg2 Bb7 12. Nb5 c6 13. Nd6 c5 14. e4 f6 15. Bc3 Rb8 16. Bh3 Nf7 17. Be6 Bh6+ 18. Kb2 Kg7 19. Nxf7 Rxf7 20. Nxe5 fxe5
21. Bxe5+ Kg8 22. Bxb8
1-0

[Event "Play your favorite openings III"]
[Site "SchemingMind.com"]
[Date "2020.08.06"]
[Round "-"]
[White "ray winteringham"]
[Black "John Hamer"]
[Result "0-1"]
[WhiteCountry "ENG"]
[BlackCountry "ENG"]
[WhiteElo "1484"]
[WhiteRD "48"]
[BlackElo "1972"]
[BlackRD "59"]
[GameID "458559"]

1. g3 Nf6 2. Bg2 d5 3. b3 Bf5 4. Bb2 Nbd7 5. d3 e6 6. Nf3 Bc5 7. O-O O-O 8. e3 c6 9. Nbd2 Re8 10. a4 Qc7
11. d4 Bd6 12. c4 Rac8 13. c5 Be7 14. b4 Be4 15. Nxe4 dxe4 16. Nd2 Nd5 17. b5 f5 18. Qe2 Red8 19. f3 Bg5 20. f4 Be7
21. g4 b6 22. cxb6 axb6 23. g5 Bb4 24. Nc4 cxb5 25. axb5 Bc3 26. Ra6 Bxb2 27. Nxb2 Qc3 28. Rfa1 Nxe3 29. h3 Nc2 30. R1a2 Nb4
31. R2a3 Qxd4+ 32. Qf2 Rc1+ 33. Kh2 Qd5 34. Ra8 Rxa8 35. Rxa8+ Qxa8 36. Qd2 Rc2 37. Qxd7 e3 38. Qxe6+ Kh8 39. Kg3 Qxg2+ 40. Kh4 Qf2+
41. Kh5 Qf3+ 42. Kh4 Qxf4+ 43. Kh5 Qg4+ 44. hxg4 Rh2#
0-1

[Event "Play your favorite openings III"]
[Site "SchemingMind.com"]
[Date "2020.08.06"]
[Round "-"]
[White "John Hamer"]
[Black "Arnold Jones"]
[Result "1-0"]
[WhiteCountry "ENG"]
[BlackCountry "ENG"]
[WhiteElo "1972"]
[WhiteRD "59"]
[BlackElo "1637"]
[BlackRD "61"]
[GameID "458560"]

1. g3 d5 2. d4 Nc6 3. Nf3 Nf6 4. Bg2 e6 5. O-O Be7 6. c4 b6 7. Ne5 Nxe5 8. dxe5 Nd7 9. cxd5 Nc5 10. Nc3 O-O
11. d6 Rb8 12. dxe7 Qxe7 13. Be3 Nd7 14. f4 c5 15. Qd3 a6 16. Rad1 Rd8 17. Bc6 Nf8 18. Qxd8 Qxd8 19. Rxd8 h6 20. Rfd1 g6
21. Rxf8+ Kxf8 22. Rd8+ Kg7 23. Ne4 a5 24. Nf6 h5 25. Rg8+
1-0

[Event "Play your favorite openings III"]
[Site "SchemingMind.com"]
[Date "2020.08.06"]
[Round "-"]
[White "Arnold Jones"]
[Black "John Hamer"]
[Result "0-1"]
[WhiteCountry "ENG"]
[BlackCountry "ENG"]
[WhiteElo "1637"]
[WhiteRD "61"]
[BlackElo "1972"]
[BlackRD "59"]
[GameID "458561"]

1. Nf3 d5 2. d4 e6 3. Nc3 g6 4. e3 c5 5. Bb5+ Bd7 6. b3 cxd4 7. Qxd4 Nf6 8. Ne5 Nc6 9. Nxc6 bxc6 10. Be2 c5
11. Qh4 Bd6 12. Bb2 O-O 13. Nb5 Be7 14. Bxf6 Qa5+ 15. Bc3 Qd8 16. Qh6 d4 17. Bb2 Bxb5 18. Bf3 Bg5 19. Qh3 Qa5+ 20. Kd1 dxe3
21. Be2 Qd2#
0-1